[Event "SV Bönen 1 - SV Unser Fritz 1"]
[Site "?"]
[Date "2022.10.16"]
[Round "3.1"]
[White "Nowicki, Heiko"]
[Black "Mönkemeyer, Maik"]
[Result "1/2-1/2"]
[WhiteElo "1785"]
[BlackElo "1874"]
[PlyCount "30"]
[EventDate "2022.10.16"]
[SourceDate "2022.10.02"]
[WhiteTeam "SV Unser Fritz 1"]
[BlackTeam "SV BÃ¶nen 1"]

1. e4 d6 2. d4 Nf6 3. Nc3 c6 4. Nf3 Bg4 5. Be2 Nbd7 6. O-O e5 7. Re1 Be7 8. a4
O-O 9. h3 Bh5 10. Be3 Qc7 11. a5 Bg6 12. Nd2 b5 13. axb6 axb6 14. Bf3 b5 15.
Ne2 Qb7 1/2-1/2

[Event "SV Bönen 1 - SV Unser Fritz 1"]
[Site "?"]
[Date "2022.10.16"]
[Round "3.2"]
[White "Merz, Martin"]
[Black "Jungbluth, Michael"]
[Result "1-0"]
[WhiteElo "1967"]
[BlackElo "1980"]
[PlyCount "69"]
[EventDate "2022.10.16"]
[SourceDate "2022.10.02"]
[WhiteTeam "SV BÃ¶nen 1"]
[BlackTeam "SV Unser Fritz 1"]

1. d4 Nf6 2. Nf3 g6 3. g3 Bg7 4. Bg2 O-O 5. O-O d6 6. Nc3 c6 7. a4 Bg4 8. h3
Bxf3 9. Bxf3 Nbd7 10. a5 Qc7 11. a6 b5 12. e4 b4 13. Ne2 e5 14. c3 Rab8 15. Qd3
c5 16. Be3 Rfd8 17. Bg2 bxc3 18. bxc3 Rb3 19. dxc5 Nxc5 20. Qc4 Rdb8 21. Nc1
Rb1 22. Nd3 Rxf1+ 23. Kxf1 Nfd7 24. Nb4 Nb6 25. Qa2 Nca4 26. Rc1 Rc8 27. Bf3 h5
28. Be2 Qd7 29. Nd5 Nxd5 30. Qxd5 Nxc3 31. Qb7 Qxh3+ 32. Ke1 Qh1+ 33. Bf1 Rc4
34. Qb3 d5 35. exd5 1-0

[Event "SV Bönen 1 - SV Unser Fritz 1"]
[Site "?"]
[Date "2022.10.16"]
[Round "3.3"]
[White "Müller, Martin"]
[Black "Fuest, Torsten"]
[Result "0-1"]
[WhiteElo "2041"]
[BlackElo "1897"]
[PlyCount "38"]
[EventDate "2022.10.16"]
[SourceDate "2022.10.02"]
[WhiteTeam "SV Unser Fritz 1"]
[BlackTeam "SV BÃ¶nen 1"]

1. e4 c5 2. Nf3 g6 3. d4 cxd4 4. Nxd4 Bg7 5. Nc3 Nc6 6. Be3 Nf6 7. Bc4 O-O 8.
Bb3 a5 9. f3 d5 10. exd5 Nb4 11. Ndb5 a4 12. Nxa4 Nfxd5 13. Bd4 Qa5 14. Nbc3
Nxc3 15. bxc3 Nc6 16. Bxg7 Rd8 17. Qc1 Kxg7 18. Qf4 Be6 19. Bxe6 fxe6 0-1

[Event "SV Bönen 1 - SV Unser Fritz 1"]
[Site "?"]
[Date "2022.10.16"]
[Round "3.4"]
[White "Helmert, Jochen"]
[Black "Rostek, Jörg"]
[Result "1-0"]
[WhiteElo "1892"]
[BlackElo "1822"]
[PlyCount "63"]
[EventDate "2022.10.16"]
[SourceDate "2022.10.02"]
[WhiteTeam "SV BÃ¶nen 1"]
[BlackTeam "SV Unser Fritz 1"]

1. e4 c5 2. Nf3 Nc6 3. Bb5 Nd4 4. Nxd4 cxd4 5. O-O a6 6. Bd3 g6 7. c3 Bg7 8.
cxd4 Bxd4 9. Nc3 e6 10. Ne2 Bg7 11. Bc2 Ne7 12. d4 d6 13. Be3 O-O 14. Qd2 Bd7
15. Bd3 Bc6 16. Bh6 Rc8 17. Bxg7 Kxg7 18. Qb4 Qd7 19. Rad1 h5 20. f3 Rfd8 21.
Qe1 Bb5 22. Bb1 Bxe2 23. Qxe2 d5 24. Qe3 Rc4 25. Qf4 f6 26. g4 g5 27. Qe3 hxg4
28. fxg4 dxe4 29. Qxe4 Rh8 30. Rxf6 Kxf6 31. Qe5+ Kf7 32. Qxh8 1-0

[Event "SV Bönen 1 - SV Unser Fritz 1"]
[Site "?"]
[Date "2022.10.16"]
[Round "3.5"]
[White "Tober, Julian"]
[Black "Wegner, Stephan"]
[Result "1/2-1/2"]
[WhiteElo "1804"]
[BlackElo "1791"]
[PlyCount "75"]
[EventDate "2022.10.16"]
[SourceDate "2022.10.02"]
[WhiteTeam "SV Unser Fritz 1"]
[BlackTeam "SV BÃ¶nen 1"]

1. e4 e6 2. d4 d5 3. Nc3 Bb4 4. e5 c5 5. f4 cxd4 6. Qxd4 Nc6 7. Bb5 Qa5 8. Bd2
Bd7 9. Bxc6 bxc6 10. Ne4 Rb8 11. Nd6+ Ke7 12. b3 c5 13. Bxb4 Qxb4+ 14. Qxb4
Rxb4 15. Ne2 Nh6 16. c3 Rb6 17. O-O f6 18. c4 Nf7 19. Nxf7 Kxf7 20. cxd5 exd5
21. exf6 Rxf6 22. Rac1 Bb5 23. Rf2 Bxe2 24. Rxe2 Rc8 25. g3 Rfc6 26. Kf2 c4 27.
bxc4 dxc4 28. Re4 Rb8 29. Rc2 c3 30. Ke3 Rb1 31. Ra4 Rc7 32. Ra3 Re1+ 33. Kd4
Rd1+ 34. Ke5 g6 35. Ke4 Re1+ 36. Kf3 Rf1+ 37. Ke3 Re1+ 38. Kf3 1/2-1/2

[Event "SV Bönen 1 - SV Unser Fritz 1"]
[Site "?"]
[Date "2022.10.16"]
[Round "3.6"]
[White "Lenz, Guntram"]
[Black "Gössling, Jürgen"]
[Result "1-0"]
[WhiteElo "1814"]
[BlackElo "1736"]
[PlyCount "55"]
[EventDate "2022.10.16"]
[SourceDate "2022.10.02"]
[WhiteTeam "SV BÃ¶nen 1"]
[BlackTeam "SV Unser Fritz 1"]

1. d4 d6 2. Nf3 Nd7 3. c4 e5 4. Nc3 Ngf6 5. e4 Be7 6. Be2 O-O 7. O-O Qe8 8. Qc2
c6 9. a3 exd4 10. Nxd4 Nb6 11. Bf4 Ng4 12. a4 a5 13. Nf3 f5 14. e5 dxe5 15.
Nxe5 Bf6 16. Nxg4 fxg4 17. Bd6 Be7 18. Bxe7 Bf5 19. Qb3 Qxe7 20. Qxb6 c5 21.
Rae1 Ra6 22. Nd5 Qg5 23. Qc7 Rf7 24. Qg3 h5 25. h4 Qd8 26. f3 gxf3 27. Bxf3 g5
28. Qxg5+ 1-0

[Event "SV Bönen 1 - SV Unser Fritz 1"]
[Site "?"]
[Date "2022.10.16"]
[Round "3.7"]
[White "Pohl, Martin"]
[Black "Volling, Andreas"]
[Result "1/2-1/2"]
[WhiteElo "1636"]
[BlackElo "1796"]
[PlyCount "50"]
[EventDate "2022.10.16"]
[SourceDate "2022.10.02"]
[WhiteTeam "SV Unser Fritz 1"]
[BlackTeam "SV BÃ¶nen 1"]

1. c4 c6 2. Nc3 d5 3. cxd5 cxd5 4. d4 Nf6 5. Nf3 Nc6 6. Bg5 e6 7. e3 Qb6 8. Qc1
Ne4 9. a3 Nxg5 10. Nxg5 Be7 11. Nf3 O-O 12. Bd3 Bd7 13. O-O Rac8 14. Bb5 Rfd8
15. Bxc6 Bxc6 16. Qd2 f6 17. Rfc1 Be8 18. Ne2 Bb5 19. Rxc8 Rxc8 20. Rc1 Rc6 21.
Rxc6 Qxc6 22. Nc3 Bc4 23. Qc2 Ba6 24. Nd2 b6 25. f4 g6 1/2-1/2

[Event "SV Bönen 1 - SV Unser Fritz 1"]
[Site "?"]
[Date "2022.10.16"]
[Round "3.8"]
[White "Reinert, Holger"]
[Black "Wolf, Franz"]
[Result "1/2-1/2"]
[WhiteElo "1516"]
[BlackElo "1611"]
[PlyCount "75"]
[EventDate "2022.10.16"]
[SourceDate "2022.10.02"]
[WhiteTeam "SV BÃ¶nen 1"]
[BlackTeam "SV Unser Fritz 1"]

1. e4 e5 2. Nf3 Nc6 3. Bb5 a6 4. Ba4 Nf6 5. d3 d6 6. c3 Be7 7. O-O O-O 8. h3
Bd7 9. Be3 h6 10. Nbd2 Nh7 11. d4 Kh8 12. Bxc6 Bxc6 13. dxe5 dxe5 14. Nxe5 Qd6
15. Qh5 Kg8 16. Nxc6 Qxc6 17. Qd5 Qxd5 18. exd5 Rad8 19. c4 f5 20. Bf4 Bd6 21.
Bxd6 Rxd6 22. Nf3 Re8 23. Nd4 g6 24. Rfe1 Nf6 25. Rxe8+ Nxe8 26. Re1 Kf7 27.
Re6 c5 28. Nb3 b6 29. Rxd6 Nxd6 30. Nd2 Kf6 31. f4 g5 32. g3 Nf7 33. Kg2 Nd6
34. Kf3 Nf7 35. Ke3 Nd6 36. Kf3 Nf7 37. Ke3 Nd6 38. Kf3 1/2-1/2

[Event "Katernberg 3- Hamm"]
[Site "?"]
[Date "2022.10.16"]
[Round "3.1"]
[White "Frombach, Ralf"]
[Black "Rosen, Willy"]
[Result "1-0"]
[WhiteElo "2199"]
[BlackElo "2100"]
[PlyCount "87"]
[SourceDate "2022.10.02"]

1. d4 Nf6 2. c4 e6 3. Nc3 Bb4 4. Nf3 b6 5. Qc2 Bb7 6. a3 Bxc3+ 7. Qxc3 Ne4 8.
Qc2 O-O 9. e3 c5 10. dxc5 bxc5 11. b4 d5 12. Bd3 f5 13. O-O Nd7 14. Bb2 Rc8 15.
b5 Qe8 16. Ne5 Nxe5 17. Bxe5 Qe7 18. Rad1 Nf6 19. Qa4 Ng4 20. Bg3 Rfd8 21. Qxa7
Ra8 22. Qb6 Rxa3 23. Bc7 Rd7 24. Qxb7 Rxc7 25. Qb8+ Kf7 26. cxd5 exd5 27. Bxf5
Nf6 28. Ra1 Rxa1 29. Rxa1 Rb7 30. Qa8 g6 31. Bd3 c4 32. Bf1 Qc7 33. e4 Nxe4 34.
Qh8 Nf6 35. Ra8 Qc5 36. b6 Qe7 37. Rb8 Rxb8 38. Qxb8 Nd7 39. Qc7 Ke8 40. b7 Qd8
41. Qc6 Qb8 42. Qxd5 Kd8 43. Bxc4 Kc7 44. Bb5 1-0

[Event "Katernberg 3- Hamm"]
[Site "?"]
[Date "2022.10.16"]
[Round "3.2"]
[White "Struck, Lasse"]
[Black "Happel, Heiner"]
[Result "1-0"]
[WhiteElo "1933"]
[BlackElo "2220"]
[PlyCount "101"]
[SourceDate "2022.10.02"]

1. c4 f5 2. d4 e6 3. g3 Nf6 4. Bg2 d5 5. Nd2 c6 6. Nh3 Bd6 7. O-O O-O 8. Qc2
Qe7 9. Nf3 Ne4 10. Nf4 Bd7 11. Nd3 Be8 12. b3 Nd7 13. Nfe5 Nxe5 14. dxe5 Ba3
15. Be3 Bh5 16. b4 dxc4 17. Qxc4 Bxe2 18. f3 Rfd8 19. Rad1 Bxd1 20. Rxd1 Ng5
21. Bc5 Qc7 22. Qb3 Nf7 23. f4 b6 24. Bf2 Bxb4 25. Qxb4 Rac8 26. Qc4 Qe7 27.
Bf3 c5 28. Nb2 Rd7 29. Na4 Rcd8 30. Nc3 g5 31. Rxd7 Qxd7 32. Bd1 Qd3 33. Bb3
Qxc4 34. Bxc4 Re8 35. Nb5 Re7 36. Nd6 Kf8 37. Nc8 Re8 38. Nxa7 gxf4 39. gxf4
Ra8 40. Nb5 Ra4 41. Bxe6 Rxf4 42. Bg3 Rb4 43. Nd6 Rb1+ 44. Kf2 Rb2+ 45. Ke3 Nd8
46. Bd5 Ke7 47. Bh4+ Kd7 48. Bxd8 Kxd8 49. Nxf5 Rxh2 50. e6 Rh3+ 51. Kf4 1-0

[Event "Katernberg 3- Hamm"]
[Site "?"]
[Date "2022.10.16"]
[Round "3.3"]
[White "Prueß, Wilfried"]
[Black "Krueger, Erich"]
[Result "1-0"]
[WhiteElo "2113"]
[BlackElo "2127"]
[PlyCount "131"]
[SourceDate "2022.10.02"]

1. d4 Nf6 2. Nf3 g6 3. g3 Bg7 4. Bg2 O-O 5. O-O d6 6. c4 Nc6 7. Nc3 e5 8. dxe5
dxe5 9. Bg5 Qxd1 10. Rfxd1 h6 11. Bxf6 Bxf6 12. h3 Be6 13. Nd5 Bd8 14. Rd2 Kg7
15. Rad1 f5 16. e3 e4 17. Nd4 Bxd5 18. cxd5 Nxd4 19. Rxd4 Be7 20. Bf1 a5 21. a3
Bd6 22. Bb5 Be5 23. R4d2 Rf6 24. Rc2 Rb6 25. a4 Rd8 26. b3 c6 27. Bc4 Rb4 28.
Be2 Rxb3 29. dxc6 Rxd1+ 30. Bxd1 bxc6 31. Kg2 Rc3 32. Rb2 Kf6 33. Rb7 Bd6 34.
Bb3 Be7 35. Rb6 Ke5 36. Bf7 g5 37. Be8 Kd6 38. Rb7 Rc2 39. Ra7 f4 40. gxf4 gxf4
41. Rd7+ Ke6 42. Rd4 Ke5 43. Bg6 f3+ 44. Kg3 Rc1 45. Rxe4+ Kf6 46. Be8 Bd6+ 47.
Kxf3 Rc5 48. Rh4 Kg7 49. Rg4+ Kf8 50. Bd7 Rh5 51. Re4 c5 52. Bg4 Re5 53. Rxe5
Bxe5 54. Ke4 Bc3 55. Be6 Ke7 56. Kf5 Be1 57. f3 Bf2 58. e4 Be3 59. Bc4 Bd2 60.
f4 Be3 61. e5 Bd2 62. Ke4 Bc1 63. f5 Bb2 64. f6+ Kf8 65. Kf5 Bd4 66. e6 1-0

[Event "Katernberg 3- Hamm"]
[Site "?"]
[Date "2022.10.16"]
[Round "3.4"]
[White "Gallas, Noel"]
[Black "Schmidt, Ingo"]
[Result "0-1"]
[WhiteElo "1893"]
[BlackElo "2017"]
[PlyCount "48"]
[SourceDate "2022.10.02"]

1. e4 e5 2. Nc3 Nf6 3. f4 d5 4. fxe5 Nxe4 5. Qf3 Nxc3 6. bxc3 Be7 7. d4 c5 8.
Ne2 Nc6 9. g3 cxd4 10. cxd4 Nb4 11. Kd1 h5 12. h3 Bd7 13. a3 Qa5 14. Qc3 Nc6
15. Qxa5 Nxa5 16. Nf4 Bc6 17. Bd2 Bd8 18. Bg2 Bb6 19. c3 O-O-O 20. Rc1 h4 21.
g4 Rhe8 22. Nd3 f6 23. Nb4 Ba4+ 24. Ke1 Nb3 0-1

[Event "Katernberg 3- Hamm"]
[Site "?"]
[Date "2022.10.16"]
[Round "3.5"]
[White "Paduch, Alexander"]
[Black "Geerlings, Gerd"]
[Result "0-1"]
[WhiteElo "1995"]
[BlackElo "2320"]
[PlyCount "78"]
[SourceDate "2022.10.02"]

1. e4 c5 2. Nf3 Nf6 3. Nc3 d5 4. exd5 Nxd5 5. Bb5+ Bd7 6. Bxd7+ Qxd7 7. Nxd5
Qxd5 8. O-O Nc6 9. d3 g6 10. Bd2 Bg7 11. Qc1 h6 12. Bc3 Nd4 13. Bxd4 cxd4 14.
Re1 e6 15. Qd2 O-O 16. Qb4 Rac8 17. Re2 Rc5 18. Qb3 Qc6 19. a4 Rc8 20. Ne1 h5
21. Re4 Qd7 22. g3 e5 23. a5 a6 24. Ra4 R8c7 25. Qa2 Kh7 26. Re2 h4 27. Re4
hxg3 28. hxg3 f5 29. Rh4+ Bh6 30. Nf3 Kg7 31. Rc4 Rxc4 32. dxc4 e4 33. Ne1 Bg5
34. Rh2 Bd2 35. Kf1 Rc5 36. c3 dxc3 37. b4 Re5 38. Ke2 Bxe1 39. Kxe1 Qd3 0-1

[Event "Katernberg 3- Hamm"]
[Site "?"]
[Date "2022.10.16"]
[Round "3.6"]
[White "Sauer, Bernd"]
[Black "Klaus, Michael"]
[Result "1-0"]
[WhiteElo "1865"]
[BlackElo "1939"]
[PlyCount "161"]
[SourceDate "2022.10.02"]

1. d4 d5 2. c4 c6 3. Nc3 Nf6 4. Bg5 Bf5 5. e3 e6 6. Nf3 Be7 7. Be2 Ne4 8. Bxe7
Qxe7 9. O-O O-O 10. Qb3 b6 11. cxd5 Nxc3 12. Qxc3 cxd5 13. Rfc1 Nd7 14. Ba6 Nf6
15. Ne5 Ne4 16. Qe1 f6 17. Nc6 Qd7 18. f3 Nd6 19. b3 Rfe8 20. Qd2 Bg6 21. Rc3
Bf7 22. Rac1 Nb7 23. Nxa7 Rxa7 24. Rc7 Qd6 25. Bxb7 b5 26. R7c6 Qa3 27. Bc8 e5
28. Bf5 exd4 29. exd4 Qxa2 30. Qxa2 Rxa2 31. Bd7 Rd8 32. Rc8 Ra8 33. Rxd8+ Rxd8
34. Bxb5 Be8 35. Bxe8 Rxe8 36. Rc5 Rb8 37. Rxd5 Rxb3 38. Rd7 Rb2 39. h3 h5 40.
h4 Rd2 41. Kh2 Kh7 42. Kg3 Kh6 43. f4 Kg6 44. Kf3 Kf5 45. Rd5+ Ke6 46. Rxh5
Rxd4 47. Kg4 Kf7 48. g3 Kg6 49. Ra5 Rd3 50. h5+ Kh6 51. Ra8 Kh7 52. Kh4 Rd7 53.
Ra4 g6 54. hxg6+ Kxg6 55. g4 Rh7+ 56. Kg3 Rc7 57. Ra8 Rc3+ 58. Kh4 Rc1 59. Ra3
Rh1+ 60. Kg3 Rg1+ 61. Kh3 Rd1 62. Ra8 Rd3+ 63. Kh4 Rd6 64. f5+ Kh6 65. Rg8 Rb6
66. Rg6+ Kh7 67. Kg3 Rb3+ 68. Kf4 Rb4+ 69. Ke3 Ra4 70. Rxf6 Rxg4 71. Kf3 Ra4
72. Rg6 Rb4 73. Rg1 Rc4 74. Ke3 Ra4 75. Rg6 Rh4 76. Kf3 Ra4 77. Rg4 Rxg4 78.
Kxg4 Kg7 79. Kg5 Kf7 80. f6 Kg8 81. Kg6 1-0

[Event "Katernberg 3- Hamm"]
[Site "?"]
[Date "2022.10.16"]
[Round "3.7"]
[White "Sporkert, Corina"]
[Black "Nautsch, Werner"]
[Result "1-0"]
[WhiteElo "1780"]
[BlackElo "2106"]
[PlyCount "79"]
[SourceDate "2022.10.02"]

1. e4 e6 2. d4 d5 3. exd5 exd5 4. Nf3 Bd6 5. Bd3 Nf6 6. O-O O-O 7. Bg5 h6 8.
Bh4 g5 9. Bg3 Ne4 10. Re1 Bf5 11. Ne5 Nc6 12. Nxc6 bxc6 13. Be5 Bxe5 14. dxe5
Qe7 15. c3 Bg6 16. Qc2 Kg7 17. Nd2 Nc5 18. Bxg6 fxg6 19. Nf3 Ne4 20. Re2 g4 21.
Nd2 Ng5 22. Qa4 Qe6 23. Re3 h5 24. Rf1 Rf5 25. f4 gxf3 26. Nxf3 Nxf3+ 27. Rfxf3
Raf8 28. Qxa7 Rxf3 29. Rxf3 Rxf3 30. gxf3 Qxe5 31. Qd4 Kf6 32. f4 Qxd4+ 33.
cxd4 Ke6 34. b4 Kd7 35. Kg2 c5 36. bxc5 Kc6 37. a4 Kb7 38. Kg3 Ka6 39. Kh4 Ka5
40. Kg5 1-0

[Event "Katernberg 3- Hamm"]
[Site "?"]
[Date "2022.10.16"]
[Round "3.8"]
[White "Blome, Simon"]
[Black "Przybela, Franz"]
[Result "1-0"]
[WhiteElo "1913"]
[BlackElo "1701"]
[Annotator "daniel"]
[PlyCount "43"]
[SourceDate "2022.10.02"]

1. e4 c5 2. Nf3 d6 3. Nc3 e5 4. Bc4 Be7 5. d3 Nf6 6. h3 O-O 7. O-O Nc6 8. a4 h6
9. Nh2 Kh8 10. f4 exf4 11. Bxf4 Be6 12. Bxe6 fxe6 $11 13. Ng4 Nxg4 14. Qxg4 e5
15. Be3 Rxf1+ 16. Rxf1 Qe8 17. Nd5 Rc8 18. c3 Bf8 19. Rf3 Ne7 20. Rxf8+ Qxf8
21. Nxe7 Qxe7 22. Qxc8+ 1-0

[Event "Ahlen- Annen"]
[Site "?"]
[Date "2022.10.16"]
[Round "3.1"]
[White "Wicht, Juergen"]
[Black "Huckebrink, Chris"]
[Result "0-1"]
[WhiteElo "2149"]
[BlackElo "2096"]
[PlyCount "110"]
[SourceDate "2022.10.02"]

1. d4 Nf6 2. c4 c5 3. d5 b5 4. cxb5 a6 5. b6 e6 6. Bg5 Qxb6 7. Nc3 exd5 8. Bxf6
Qxf6 9. Nxd5 Qd6 10. g3 Nc6 11. Nb6 Qxd1+ 12. Rxd1 Rb8 13. Nxc8 Rxc8 14. e3 Rb8
15. Bh3 Ne5 16. f4 Nc4 17. Bxd7+ Ke7 18. b3 Nxe3 19. Rd3 Nc2+ 20. Kf2 Nb4 21.
Rd1 Rd8 22. a3 Rxd7 23. Rxd7+ Kxd7 24. axb4 cxb4 25. Nf3 Bc5+ 26. Kg2 f6 27.
Nd2 Re8 28. Nc4 Re2+ 29. Kf3 Rc2 30. Ke4 Rc3 31. Kd5 Be7 32. Ra1 Rxb3 33. Rxa6
Rd3+ 34. Ke4 Rc3 35. Nb6+ Ke8 36. Ra8+ Kf7 37. Ra7 Ke6 38. f5+ Kd6 39. Nd5 Rc4+
40. Kd3 Kxd5 41. Rxe7 Rc3+ 42. Kd2 Rf3 43. Rxg7 h5 44. Rb7 Kc4 45. Rc7+ Kb3 46.
Rc5 Ka3 47. Ra5+ Kb2 48. Rb5 b3 49. Ra5 Rf1 50. h3 Rf3 51. g4 Rxh3 52. gxh5
Rxh5 53. Kd3 Kb1 54. Kd2 b2 55. Kd1 Rh4 0-1

[Event "Ahlen- Annen"]
[Site "?"]
[Date "2022.10.16"]
[Round "3.2"]
[White "Steinle, Carsten"]
[Black "Mainka, Gregor"]
[Result "1/2-1/2"]
[WhiteElo "2082"]
[BlackElo "2210"]
[PlyCount "81"]
[SourceDate "2022.10.02"]

1. Nf3 e6 2. b3 Nf6 3. Bb2 Be7 4. c4 d5 5. e3 O-O 6. d4 b6 7. cxd5 exd5 8. Bd3
Bb7 9. Nbd2 c5 10. Rc1 Nc6 11. O-O Bd6 12. Ne5 Bxe5 13. dxe5 Nd7 14. Qh5 g6 15.
Qh6 Qe7 16. f4 f5 17. Nf3 Nd8 18. Ng5 Ne6 19. Nxe6 Qxe6 20. Rcd1 Rae8 21. Be2
Nb8 22. Bf3 Na6 23. Rd2 Nc7 24. Rfd1 Rd8 25. Qh3 h5 26. Qh4 Rd7 27. h3 Rg7 28.
Qg3 Kh7 29. Kh2 Kg8 30. Rg1 Bc6 31. Rc1 a5 32. Kh1 Kh7 33. Qe1 Rd7 34. Qd1 Rfd8
35. Kh2 Kg8 36. g3 Rf8 37. Rg2 Rh7 38. Kg1 Kf7 39. Rcc2 Ra8 40. Rgd2 Kg8 41.
Rh2 1/2-1/2

[Event "Ahlen- Annen"]
[Site "?"]
[Date "2022.10.16"]
[Round "3.3"]
[White "Dahlbeck, Mirko"]
[Black "Torres- Kuckel, Rafael"]
[Result "1/2-1/2"]
[WhiteElo "2032"]
[BlackElo "2096"]
[PlyCount "71"]
[SourceDate "2022.10.02"]

1. e4 c5 2. Nf3 e6 3. c3 Nf6 4. Bd3 d6 5. O-O Be7 6. Bc2 Nc6 7. Re1 e5 8. h3
O-O 9. d4 Qc7 10. d5 Na5 11. b3 Bd7 12. a4 a6 13. Bg5 h6 14. Bxf6 Bxf6 15. Nbd2
b6 16. Nf1 g6 17. Ne3 Bg7 18. g4 Nb7 19. Kg2 Qd8 20. Rg1 Qe7 21. Qe2 b5 22.
axb5 axb5 23. Bd3 c4 24. bxc4 bxc4 25. Nxc4 Nc5 26. Nb6 Rxa1 27. Rxa1 Rb8 28.
Nxd7 Qxd7 29. Rb1 Rxb1 30. Bxb1 Qa4 31. Ne1 Qa1 32. Bd3 Qxc3 33. f3 Bf6 34. Bb5
Bg5 35. Nd3 Nxd3 36. Qxd3 1/2-1/2

[Event "Ahlen- Annen"]
[Site "?"]
[Date "2022.10.16"]
[Round "3.4"]
[White "Volesky, Alexander"]
[Black "Daemmrich, Lars"]
[Result "1-0"]
[WhiteElo "2073"]
[BlackElo "1847"]
[PlyCount "55"]
[SourceDate "2022.10.02"]

1. e4 e5 2. Nf3 Nc6 3. Bb5 a6 4. Ba4 Nf6 5. d3 b5 6. Bb3 Be7 7. O-O O-O 8. Re1
d6 9. c3 Bg4 10. Nbd2 d5 11. exd5 Nxd5 12. Nf1 Nf4 13. d4 Ng6 14. h3 Bxf3 15.
Qxf3 Na5 16. dxe5 Nxb3 17. axb3 Bc5 18. Qe4 Re8 19. Bf4 Qh4 20. Bg3 Qg5 21. h4
Qh5 22. Nh2 Rad8 23. Qf3 Qh6 24. h5 Nf8 25. Ng4 Qb6 26. h6 Re6 27. hxg7 Kxg7
28. Bh4 1-0

[Event "Ahlen- Annen"]
[Site "?"]
[Date "2022.10.16"]
[Round "3.5"]
[White "Hartung, Thomas"]
[Black "Woestmann, Ulrich"]
[Result "1-0"]
[WhiteElo "1912"]
[BlackElo "1992"]
[PlyCount "57"]
[SourceDate "2022.10.02"]

1. e4 c5 2. Nf3 d6 3. d4 cxd4 4. Nxd4 Nf6 5. Nc3 a6 6. Bg5 e6 7. f4 Be7 8. Qf3
Qc7 9. O-O-O Nbd7 10. g4 h6 11. Bxf6 Bxf6 12. h4 Bxd4 13. Rxd4 b5 14. Bg2 Bb7
15. Rhd1 Nc5 16. Kb1 Rc8 17. Qf2 O-O 18. f5 e5 19. Nd5 Bxd5 20. Rxd5 Na4 21.
R5d3 f6 22. g5 Rf7 23. Rg3 hxg5 24. hxg5 fxg5 25. Rh1 Qc5 26. Qd2 Rfc7 27. c3
b4 28. Qxg5 bxc3 29. Rgh3 1-0

[Event "Ahlen- Annen"]
[Site "?"]
[Date "2022.10.16"]
[Round "3.6"]
[White "Busche, Klaus"]
[Black "Jeschke, Holger"]
[Result "1-0"]
[WhiteElo "1957"]
[BlackElo "1911"]
[PlyCount "71"]
[SourceDate "2022.10.02"]

1. d4 Nf6 2. Bf4 d6 3. Nc3 g6 4. e4 Bg7 5. Qd2 Nc6 6. O-O-O O-O 7. f3 Ne8 8.
Bh6 e5 9. dxe5 Nxe5 10. h4 Bxh6 11. Qxh6 Ng7 12. Be2 Be6 13. Nh3 f6 14. Qd2 Nh5
15. g4 Ng3 16. Rhg1 Nxe2+ 17. Qxe2 g5 18. Nd5 h6 19. f4 Bxd5 20. Rxd5 c6 21.
Rdd1 Ng6 22. Qc4+ Kg7 23. Qc3 Nxf4 24. Nxf4 gxf4 25. g5 hxg5 26. hxg5 Kf7 27.
Qb3+ Kg6 28. gxf6+ Kxf6 29. e5+ Kf5 30. Rxd6 Qh4 31. Qd3+ Kxe5 32. Qd4+ Kf5 33.
Qc5+ Ke4 34. Re6+ Kf3 35. Qc3+ Kf2 36. Qe1+ 1-0

[Event "Ahlen- Annen"]
[Site "?"]
[Date "2022.10.16"]
[Round "3.7"]
[White "Lauer, Boris"]
[Black "Starp, Klaus"]
[Result "1/2-1/2"]
[WhiteElo "2034"]
[BlackElo "1978"]
[PlyCount "33"]
[SourceDate "2022.10.02"]

1. d4 Nf6 2. Nf3 c5 3. c3 e6 4. Bf4 d5 5. e3 Bd6 6. Bb5+ Nc6 7. Ne5 Qc7 8. Qa4
Bd7 9. Nxd7 Nxd7 10. Bxd6 Qxd6 11. Nd2 O-O 12. Bxc6 Qxc6 13. Qxc6 bxc6 14. O-O
Rab8 15. b3 Rfc8 16. c4 Kf8 17. Rab1 1/2-1/2

[Event "Waltrop- Hamm"]
[Site "?"]
[Date "2022.10.16"]
[Round "3.1"]
[White "Spyrou, Emmanouil"]
[Black "Eckert, Marius"]
[Result "1-0"]
[WhiteElo "2169"]
[BlackElo "2114"]
[PlyCount "85"]
[SourceDate "2022.10.02"]

1. d4 Nf6 2. c4 g6 3. Nc3 d5 4. Bg5 Ne4 5. Bh4 Nxc3 6. bxc3 Bg7 7. e3 c5 8. Nf3
Nc6 9. Be2 O-O 10. O-O dxc4 11. Bxc4 Bf5 12. Qe2 h6 13. h3 g5 14. Bg3 cxd4 15.
cxd4 Rc8 16. Rac1 Be4 17. Rfd1 Qa5 18. Nd2 Bg6 19. Nb3 Qa3 20. Bd5 Nb4 21. Rxc8
Rxc8 22. Bxb7 Rc2 23. Rd2 Qxa2 24. Rxc2 Bxc2 25. Nc5 Qb1+ 26. Kh2 Nd3 27. Ba6
Nb4 28. Qb5 Nxa6 29. Qe8+ Kh7 30. Nxa6 Bg6 31. Qxe7 Qf5 32. Qxa7 h5 33. h4 Bf6
34. hxg5 Bxg5 35. Qc7 h4 36. Bf4 Bf6 37. Nc5 Bg7 38. Nd7 Qg4 39. f3 Qe6 40. Qd6
Qa2 41. Qe7 Qf2 42. Nf6+ Bxf6 43. Qxf6 1-0

[Event "Waltrop- Hamm"]
[Site "?"]
[Date "2022.10.16"]
[Round "3.2"]
[White "Gasper, Joern"]
[Black "Schlaap, Ralf"]
[Result "1/2-1/2"]
[WhiteElo "2057"]
[BlackElo "2119"]
[PlyCount "37"]
[SourceDate "2022.10.02"]

1. d4 Nf6 2. Nf3 e6 3. Bf4 c5 4. c3 b6 5. Nbd2 Bb7 6. e3 Be7 7. Bd3 O-O 8. Qe2
Nc6 9. a3 d5 10. h4 Bd6 11. Ne5 Qc7 12. Ndf3 Ne4 13. Bxe4 dxe4 14. Ng5 Nxe5 15.
dxe5 Bxe5 16. Qh5 h6 17. Nxe6 fxe6 18. Bxe5 Qf7 19. Qxf7+ 1/2-1/2

[Event "Waltrop- Hamm"]
[Site "?"]
[Date "2022.10.16"]
[Round "3.3"]
[White "Voss, Hubertus"]
[Black "Winterberg, Andreas"]
[Result "1-0"]
[WhiteElo "2161"]
[BlackElo "1991"]
[PlyCount "57"]
[SourceDate "2022.10.02"]

1. e4 e5 2. Nf3 Nc6 3. d4 exd4 4. Bc4 Bb4+ 5. c3 dxc3 6. O-O d6 7. a3 Ba5 8. b4
Bb6 9. Qb3 Be6 10. Bxe6 fxe6 11. Qxe6+ Qe7 12. Qxe7+ Ngxe7 13. Nxc3 Ne5 14.
Nxe5 dxe5 15. Bg5 c6 16. Rad1 h6 17. Bc1 Rd8 18. Na4 Rxd1 19. Rxd1 Bd4 20. Bb2
Bxb2 21. Nxb2 Kf7 22. Nc4 Ng6 23. Nd6+ Kf6 24. Nxb7 Nf4 25. Rd6+ Ke7 26. Rxc6
Ne2+ 27. Kf1 Nd4 28. Rc7+ Kf6 29. Nc5 1-0

[Event "Waltrop- Hamm"]
[Site "?"]
[Date "2022.10.16"]
[Round "3.4"]
[White "Drewes, Martin"]
[Black "Hufelschulte, Norbert"]
[Result "0-1"]
[WhiteElo "1942"]
[BlackElo "2072"]
[PlyCount "60"]
[SourceDate "2022.10.02"]

1. e4 c5 2. c3 e5 3. Nf3 Nc6 4. Bc4 Qc7 5. a4 Nf6 6. d3 Be7 7. O-O O-O 8. Na3
d6 9. Bd2 Nd8 10. Re1 Be6 11. Rc1 a6 12. Bxe6 Nxe6 13. d4 Rfd8 14. d5 Nf8 15.
c4 Ng6 16. g3 Rf8 17. Qc2 Qd7 18. Kg2 Nh5 19. Ng1 f5 20. f3 fxe4 21. Rxe4 Rf7
22. Nb1 Nf6 23. Re2 b5 24. b3 bxa4 25. bxa4 Rb8 26. Bc3 Nh5 27. Nh3 Rxf3 28.
Nd2 Nh4+ 29. Kh1 Qxh3 30. Nxf3 Nxg3+ 0-1

[Event "Waltrop- Hamm"]
[Site "?"]
[Date "2022.10.16"]
[Round "3.5"]
[White "Woertler, Lars- Erik"]
[Black "Breidenbach, Rolf"]
[Result "1/2-1/2"]
[WhiteElo "1935"]
[BlackElo "1914"]
[PlyCount "61"]
[SourceDate "2022.10.02"]

1. e4 g6 2. d4 c6 3. Nf3 d5 4. e5 Bg4 5. Be2 e6 6. Nbd2 Nd7 7. h3 Bxf3 8. Nxf3
Ne7 9. c3 Nf5 10. Qb3 Qb6 11. g4 Ne7 12. Bg5 h6 13. Be3 Qxb3 14. axb3 a6 15. b4
Rd8 16. Bd3 Bg7 17. Nd2 h5 18. Ke2 hxg4 19. hxg4 Rxh1 20. Rxh1 Kf8 21. Nb3 Rb8
22. Bg5 Re8 23. Bxe7+ Rxe7 24. g5 Kg8 25. Na5 Nb6 26. b3 Bf8 27. Kd2 Rd7 28.
Kc2 Be7 29. f4 Rc7 30. Kb2 Nc8 31. Ra1 1/2-1/2

[Event "Waltrop- Hamm"]
[Site "?"]
[Date "2022.10.16"]
[Round "3.6"]
[White "Atali, Dogukan"]
[Black "Brieger, Sebastian"]
[Result "1-0"]
[WhiteElo "1829"]
[BlackElo "1645"]
[PlyCount "105"]
[SourceDate "2022.10.02"]

1. e4 c5 2. Nf3 e6 3. b3 Nc6 4. Bb2 d6 5. g3 Nf6 6. Qe2 Be7 7. Bg2 O-O 8. O-O
Qc7 9. d4 cxd4 10. Nxd4 a6 11. c4 Rb8 12. Nxc6 bxc6 13. Nc3 Bb7 14. Rfd1 Rfd8
15. Rd4 Rd7 16. Rad1 Rbd8 17. g4 Qa5 18. h4 h6 19. Na4 Ne8 20. Bc3 Qc7 21. Qd2
c5 22. Rd3 Qc6 23. g5 hxg5 24. hxg5 Bf8 25. Rh3 e5 26. Ba5 Rb8 27. Qe2 g6 28.
Nb6 Ba8 29. Nxd7 Qxd7 30. Bc3 Qe6 31. Kh2 Bg7 32. Rh1 Nc7 33. Ba5 Ne8 34. Kg1
Qd7 35. Qe3 f6 36. gxf6 Nxf6 37. Qg5 Kf7 38. Rg3 Rg8 39. Qxg6+ Kf8 40. Rf3 Qf7
41. Qxf7+ Kxf7 42. Kf1 Ke7 43. Re3 Bc6 44. Bf3 Rf8 45. Ke2 Rf7 46. Rh4 Ng8 47.
Bh5 Rf4 48. Rg4 Rxg4 49. Bxg4 Bh6 50. Rh3 Bxe4 51. Bc8 Bf4 52. Bxa6 Nh6 53. Bd2
1-0